[Event "Cesme op 3rd"]
[Site "Cesme"]
[Date "2015.06.16"]
[Round "2"]
[White "Kazoglu, Eyup"]
[Black "Annaberdiev, Meilis"]
[Result "1/2-1/2"]
[WhiteElo "1980"]
[BlackElo "2432"]
[PlyCount "113"]
[EventDate "2015.06.15"]
[EventType "swiss"]
[EventRounds "9"]
[EventCountry "TUR"]
[SourceTitle "CBM 167 Extra"]
[Source "ChessBase"]
[SourceDate "2015.09.14"]
[SourceVersion "1"]
[SourceVersionDate "2015.09.14"]
[SourceQuality "1"]

1. e4 c5 2. Nf3 e6 3. d4 cxd4 4. Nxd4 Nf6 5. Nc3 Nc6 6. Ndb5 d6 7. Bf4 e5 8. Bg5 a6 9. Na3 Be6 10. Nc4 Rc8 11. Ne3 Be7 12. Be2 Ng8 13. Bxe7 Ngxe7 14. 0-0 Nd4 15. Qd2 Qb6 16. Rab1 0-0 17. Bd3 g6 18. Ncd5 Bxd5 19. Nxd5 Nxd5 20. exd5 Qc5 21. c3 Nb5 22. Be2 Nc7 23. c4 a5 24. b4 axb4 25. Rxb4 Qa5 26. Rd1 Na6 27. Rxb7 Qxd2 28. Rxd2 Nc5 29. Rb6 Ra8 30. f3 Rfd8 31. Bd1 Kf8 32. Rdb2 h5 33. h4 Ke7 34. Bc2 Ra3 35. Bb3 Rg8 36. Kh2 f5 37. Rd2 Rga8 38. Rb2 R3a6 39. Rb5 Kf6 40. Re2 Re8 41. Rd2 g5 42. hxg5+ Kxg5 43. Re2 h4 44. a4 Kf4 45. Bc2 e4 46. fxe4 fxe4 47. Rb1 Ke5 48. Bxe4 Nxe4 49. Rxe4+ Kxe4 50. Re1+ Kd4 51. Rxe8 Kxc4 52. Re4+ Kxd5 53. Rxh4 Kc5 54. Kg3 d5 55. Kf3 d4 56. Rh8 Kc4 57. Ke2 1/2-1/2

[Event "Manavgat Turkey Cup"]
[Site "Manavgat"]
[Date "2015.02.05"]
[Round "8"]
[White "Bapoglu, Ibrahim"]
[Black "Kazoglu, Eyup"]
[Result "1/2-1/2"]
[WhiteElo "1709"]
[BlackElo "2078"]
[PlyCount "160"]
[EventDate "2015.01.31"]
[EventType "swiss"]
[EventRounds "11"]
[EventCountry "TUR"]
[SourceTitle "CBM 164 Extra"]
[Source "ChessBase"]
[SourceDate "2015.03.02"]
[SourceVersion "1"]
[SourceVersionDate "2015.03.02"]
[SourceQuality "1"]

1. e4 c5 2. Nf3 d6 3. d4 cxd4 4. Nxd4 Nf6 5. Nc3 a6 6. Bc4 e6 7. 0-0 b5 8. Bb3 Bb7 9. Re1 b4 10. Bd5 Qc7 11. Bxb7 Qxb7 12. Nb1 Nbd7 13. c3 bxc3 14. Nxc3 Be7 15. Rb1 0-0 16. Bg5 Rfc8 17. h3 Rc5 18. Bh4 Rac8 19. Nb3 R5c7 20. f4 Bf8 21. Kh1 d5 22. e5 Ne4 23. Nxe4 dxe4 24. Qe2 Rc2 25. Qxe4 Qxe4 26. Rxe4 Nb6 27. Ree1 Nd5 28. Rec1 Nxf4 29. Rxc2 Rxc2 30. Nd4 Rd2 31. Nb3 Re2 32. Bg3 Nd3 33. Nd4 Rxb2 34. Rxb2 Nxb2 35. Nc6 Nc4 36. Be1 Ba3 37. Bc3 Kf8 38. Kh2 Ke8 39. Kg3 Bb2 40. Bxb2 Nxb2 41. Kf3 Nd1 42. a4 Nb2 43. a5 Nc4 44. Ke4 Kd7 45. Nb8+ Kc8 46. Nxa6 Nxa5 47. Nc5 Nb7 48. Nd3 Kd7 49. Nf4 Ke7 50. Nh5 Kf8 51. h4 Nc5+ 52. Ke3 Nd7 53. Kf4 f6 54. exf6 gxf6 55. g4 Kf7 56. Ng3 Ne5 57. Ne2 Ng6+ 58. Kg3 e5 59. Nc3 Ke6 60. Ne4 Nf8 61. Kf3 Nd7 62. Ke3 Kd5 63. Ng3 Ke6 64. Ne4 h5 65. gxh5 Nf8 66. Kf3 Nh7 67. Kg3 Kd5 68. Kf3 Kd4 69. Ng3 Kd5 70. Nf5 Ke6 71. Ke4 Nf8 72. h6 Kf7 73. h5 Nh7 74. Kd5 Ng5 75. Kd6 e4 76. Kd7 Nh7 77. Nd6+ Kg8 78. Nxe4 f5 79. Nf2 Kf7 80. Kd6 Kf6 1/2-1/2